02664nam a2200349 i 450000100060000000300080000600500170001400600190003100700150005000800410006504000310010605000220013708000080015908200140016710000470018124501970022826400780042530000250050333600310052833700330055933800430059250200780063550400280071352013120074158800830205365000190213665000140215565000190216965500110218870000530219985600620225245395FINmELB20241216231708.0m o u cr cn|||||||||240206s2015 sp ob 000 0 spa d aFINmELBbspaerdacFINmELB 4aCC165b.S276 2015 a90204a930.12231 aSarmentero Ortiz, Maria Milagrosa,eautor.10aAportaciones a la posible ubicación de Mainake :bconsideraciones económicas derivadas de ello. La ceca de Malaca /cMaría Milagrosa Sarmentero Ortiz ; Pilar Fernández Uriel, director. 1a[Madrid] :bUNED-Universidad Nacional de Educación a Distancia,c[2015] a1 recurso en línea atextobtxt2rdacontent/spa acomputadorabc2rdamedia/spa arecurso en líneabcr2rdacarrier/spa aTesis (Doctorado)--Universidad Nacional de Educación a Distancia, 2015. aIncluye bibliografía. aSe intenta demostrar que la desembocadura del río Vélez presenta un entorno geológico y ocupacional que pudiera coincidir con el enclave de la ciudad de Mainake. Igualmente, y en relación con lo anterior, se discute la posible ubicación en esta zona de la ceca conocida hasta ahora como de Malaca, en base a conceptos epigráficos y al abundante comercio en este área. Para tratar de conseguir los objetivos propuestos se ha realizado recopilación, clasificación y análisis de toda la documentación histórica que hiciera referencia a la posible ubicación de Mainake y se ha procedido a la observación arqueológica a pie de campo del entorno de la desembocadura del río Vélez, con el objeto de valorar si la disposición de los asentamientos y la configuración del terreno coincide con lo expresado por Avieno cuando hace referencia al enclave de Mainake. Asimismo se ha procedido a la clasificación de monedas inéditas encontradas en los alrededores de Cerro del Mar, de los siglos III a. C. a II d.C., descubiertas en hallazgos fortuitos. Se ha dedicado especial atención a las publicaciones que hacen referencia a la localización de hallazgos de monedas de la ceca de Malaca y al estudio epigráfico de los caracteres que aparecen en el anverso de sus monedas. aDescripción basada en metadatos suministrados por el editor y otras fuentes. 4aArqueología. 4aHistoria. 4aNumismática. 4aTesis.1 aFernández Uriel, Pilar,edirector de la tesis.40uhttps://elibro.net/ereader/politecnicointernacional/86613